Normal view MARC view

Entry Personal Name

Number of records used in: 2

001 - CONTROL NUMBER

  • control field: 767226

003 - CONTROL NUMBER IDENTIFIER

  • control field: OSt

005 - DATE AND TIME OF LATEST TRANSACTION

  • control field: 20250508155652.0

008 - FIXED-LENGTH DATA ELEMENTS

  • fixed length control field: 250508|| aca||aabn | a|a d

040 ## - CATALOGING SOURCE

  • Original cataloging agency: OSt
  • Transcribing agency: OSt

100 ## - HEADING--PERSONAL NAME

  • Personal name: Mutha Dineshwar Narain

670 ## - SOURCE DATA FOUND

  • Source citation: Work cat.: (OSt)1358686: Mutha Dineshwar Narain, Construction of programmed text on equations of circle (Co-Ordinate Geometry) for class xi of Jodhpur city and finding out experimentally its effectiveness on high and low achievers in mathematics as compared to class room teaching, 1968
Copyright @ Delhi University Library System